Nebrija y D. Juan de Zúñiga (Record no. 140411)

MARC details
000 -LEADER
campo de control de longitud fija 00770nam a2200205 4500
001 - NÚMERO DE CONTROL
campo de control 140411
003 - IDENTIFICADOR DE NÚMERO DE CONTROL
campo de control ES-MaACL
005 - FECHA Y HORA DE LA ÚLTIMA TRANSACCIÓN
campo de control 20250630001409.0
007 - CAMPO FIJO DE DESCRIPCIÓN FÍSICA--INFORMACIÓN GENERAL
campo de control de longitud fija t|
008 - DATOS DE LONGITUD FIJA--INFORMACIÓN GENERAL
campo de control de longitud fija 070214s1950 sp r ||||1| spa d
100 1# - ENTRADA PRINCIPAL--NOMBRE DE PERSONA
Nombre de persona Segura Covarsí, Enrique.
9 (RLIN) 105216
245 10 - MENCIÓN DEL TÍTULO
Título Nebrija y D. Juan de Zúñiga
Resto del título : (el último Maestre de la Orden de Alcántara) /
Mención de responsabilidad, etc. por E. Segura Covarsí.
260 ## - PUBLICACIÓN, DISTRIBUCIÓN, ETC.
Lugar de publicación, distribución, etc. Badajoz :
Nombre del editor, distribuidor, etc. [s. n.],
Fecha de publicación, distribución, etc. 1950.
300 ## - DESCRIPCIÓN FÍSICA
Extensión 35 p. ;
Dimensiones 26 cm.
500 ## - NOTA GENERAL
Nota general Precede al tít.: Diputación Provincial de Badajoz. Institución de Servicios Culturales.
500 ## - NOTA GENERAL
Nota general Separata de: Revista de Estudios Extremeños.
710 1# - ENTRADA AGREGADA--NOMBRE DE ENTIDAD CORPORATIVA
Nombre de entidad corporativa o nombre de jurisdicción como elemento de entrada Badajoz (Provincia).
Unidad subordinada Diputación Provincial
9 (RLIN) 2081
852 ## - LOCALIZACIÓN
Ubicación ES-MaACL
Número de control de estantería 1915-F-8
Sublocalización o colección R.30090
Holdings
Estatus retirado Estado de pérdida Estado de daño No para préstamo Colección Biblioteca de origen Biblioteca actual Ubicación en estantería Fecha de adquisición Fuente de adquisición Total de préstamos Signatura topográfica completa Código de barras Visto por última vez Precio de reemplazo Tipo de ítem Koha
        Colección de folletos Biblioteca del Ateneo de Madrid Biblioteca del Ateneo de Madrid Depósito folletos 17/01/2008     1915-F-8 1146118 23/02/2023 23/02/2023 Folleto